00507 2200205 4500001002100000005001500021008004100036990001000077990001000087020001800097035002000115082001000135084001600145100002100161245004800182250001000230260003100240300002000271990001000291INLIS00000000001249220190122114739180830| ||| | d a11046 a11042 a979-734-516-5 a0010-08180002360 a540.1 a540.1 LUT i0 aLutfiePengarang10aIpa Kimia 2 :bSMP dan MTS untuk kelas VIII aCet.1 aJakarta :bErlangga,c2006 a67 hlm ;c26 cm a15431